[Event "HUN-chT U18"]
[Site "Hajduboszormeny"]
[Date "2016.11.05"]
[Round "6.11"]
[White "Gombocz, Ferenc Jr"]
[Black "Kiss, Peter"]
[Result "0-1"]
[WhiteElo "2064"]
[BlackElo "2133"]
[PlyCount "78"]
[EventDate "2016.11.02"]
[EventType "team-swiss"]
[EventRounds "8"]
[EventCountry "HUN"]
[SourceTitle "CBM 175 Extra"]
[Source "ChessBase"]
[SourceDate "2016.12.12"]
[SourceVersion "1"]
[SourceVersionDate "2016.12.12"]
[SourceQuality "1"]

1. d4 c5 2. d5 e5 3. e4 d6 4. Nc3 Be7 5. Nf3 a6 6. a4 Bg4 7. h3 Bxf3 8. Qxf3 Bg5 9. Bxg5 Qxg5 10. Be2 Ne7 11. Qg4 Qxg4 12. Bxg4 h5 13. Be2 f5 14. 0-0 f4 15. g3 Nd7 16. Kh2 g5 17. g4 hxg4 18. Bxg4 Rh4 19. Rg1 0-0-0 20. Be6 Rh5 21. Bg4 Rh4 22. Be6 Rh5 23. Rg2 Ng6 24. Bg4 Rh6 25. f3 Rdh8 26. Rag1 Kc7 27. Rf2 Nf6 28. Be6 g4 29. fxg4 Rxh3+ 30. Kg2 Re3 31. g5 Nh4+ 32. Kf1 Nh5 33. Ne2 f3 34. Nc3 Ng2 35. Rd2 Rf8 36. Kf2 Nhf4 37. Bf5 Rxf5 38. exf5 Nh3+ 39. Kg3 f2+ 0-1

[Event "HUN-chT2 Breyer 1516"]
[Site "Hungary"]
[Date "2015.11.08"]
[Round "4.7"]
[White "Kiss, Peter"]
[Black "Vagvolgyi, Istvan"]
[Result "1-0"]
[WhiteElo "1966"]
[BlackElo "1892"]
[PlyCount "107"]
[EventDate "2015.09.13"]
[EventType "team-tourn"]
[EventRounds "11"]
[EventCountry "HUN"]
[SourceTitle "CBM 170 Extra"]
[Source "ChessBase"]
[SourceDate "2016.02.25"]
[SourceVersion "1"]
[SourceVersionDate "2016.02.25"]
[SourceQuality "1"]
[WhiteTeam "Kobanya Aquarena"]
[BlackTeam "Nyergesujfalu"]
[WhiteTeamCountry "HUN"]
[BlackTeamCountry "HUN"]

1. e4 e5 2. Nf3 Nc6 3. Bb5 a6 4. Bxc6 dxc6 5. 0-0 Bd6 6. d4 Qe7 7. dxe5 Bxe5 8. Nxe5 Qxe5 9. Be3 Nf6 10. Bd4 Qe7 11. e5 Nd5 12. c4 Nf4 13. Qf3 Ne6 14. Bc3 0-0 15. Nd2 Re8 16. Qg3 c5 17. Ne4 Kh8 18. f4 Nd4 19. Qf2 Bf5 20. Ng3 Bd3 21. Rfd1 Bxc4 22. Bxd4 cxd4 23. Qxd4 Bb5 24. Nf5 Qe6 25. Ng3 Bc6 26. Rac1 f6 27. exf6 Qxf6 28. Qxf6 gxf6 29. Re1 Kg7 30. Rxe8 Rxe8 31. Nf5+ Kg6 32. Nd4 Rd8 33. f5+ Kf7 34. Nxc6 bxc6 35. Rxc6 Rd1+ 36. Kf2 Rd2+ 37. Kf3 Rxb2 38. Rxc7+ Kg8 39. Rc6 Rxa2 40. Rxf6 Kg7 41. Re6 a5 42. h4 Kf7 43. g4 Ra4 44. Ra6 Kg7 45. Ra7+ Kf6 46. Rxh7 Ra3+ 47. Ke2 Rg3 48. Rh6+ Ke5 49. Rg6 a4 50. Kf2 Rb3 51. Re6+ Kf4 52. f6 Kxg4 53. Re4+ Kh5 54. f7 1-0

[Event "HUN-chT2 Barcza 1516"]
[Site "Hungary"]
[Date "2015.10.18"]
[Round "3.11"]
[White "Kiss, Peter"]
[Black "Sandor, Lajos"]
[Result "1/2-1/2"]
[WhiteElo "1524"]
[BlackElo "1766"]
[PlyCount "71"]
[EventDate "2015.09.13"]
[EventType "team-tourn"]
[EventRounds "11"]
[EventCountry "HUN"]
[SourceTitle "CBM 170 Extra"]
[Source "ChessBase"]
[SourceDate "2016.02.25"]
[SourceVersion "1"]
[SourceVersionDate "2016.02.25"]
[SourceQuality "1"]
[WhiteTeam "Nadudvar"]
[BlackTeam "Tiszavasvar"]
[WhiteTeamCountry "HUN"]
[BlackTeamCountry "HUN"]

1. e4 c5 2. Nf3 Nc6 3. d4 cxd4 4. Nxd4 e6 5. Nc3 a6 6. Be3 Bb4 7. Qd2 Nf6 8. Bd3 0-0 9. a3 Ba5 10. 0-0 Qc7 11. Nxc6 bxc6 12. b4 Bb6 13. Bxb6 Qxb6 14. e5 Nd5 15. Ne4 Qd4 16. Qg5 f6 17. exf6 Nxf6 18. Nxf6+ Rxf6 19. Qh5 g6 20. Qe2 d5 21. Rfe1 Bd7 22. Qe3 Qc3 23. Qe5 Qxe5 24. Rxe5 a5 25. Ree1 e5 26. f3 Bf5 27. bxa5 Re6 28. a6 Bxd3 29. cxd3 Rxa6 30. d4 e4 31. fxe4 dxe4 32. a4 Ra5 33. Kf2 Kf7 34. Ke3 Ke7 35. Rec1 Kd6 36. Rc4 1/2-1/2

[Event "HUN-chT U18"]
[Site "Budapest"]
[Date "2015.08.29"]
[Round "7.11"]
[White "Fekete, Agnes"]
[Black "Kiss, Peter"]
[Result "1/2-1/2"]
[WhiteElo "1795"]
[BlackElo "1966"]
[PlyCount "66"]
[EventDate "2015.08.26"]
[EventType "team-swiss"]
[EventRounds "8"]
[EventCountry "HUN"]
[SourceTitle "EXT 2016"]
[Source "ChessBase"]
[SourceDate "2015.10.08"]
[SourceVersion "1"]
[SourceVersionDate "2015.10.08"]
[SourceQuality "1"]

1. d4 g6 2. Nf3 Bg7 3. Bg5 c5 4. c3 cxd4 5. cxd4 Nc6 6. e3 d5 7. Be2 Bf5 8. 0-0 Nf6 9. Nc3 Ne4 10. Rc1 Nxg5 11. Nxg5 e5 12. Nf3 e4 13. Ne5 0-0 14. Nxc6 bxc6 15. Na4 Bd7 16. Nc5 Rb8 17. Nxd7 Qxd7 18. Qd2 f5 19. Rc5 Rf6 20. Rfc1 Bf8 21. R5c2 g5 22. a3 Bd6 23. g3 Rb6 24. b4 Rh6 25. b5 cxb5 26. Rc8+ Kg7 27. Ra8 Bb8 28. Rc5 Rhd6 29. Qc2 Kf6 30. Rc8 Rdc6 31. Rxc6+ Rxc6 32. Bxb5 Rxc2 33. Bxd7 Rc7 1/2-1/2

[Event "HUN-ch U18"]
[Site "Balatonlelle"]
[Date "2015.06.21"]
[Round "4"]
[White "Kiss, Peter"]
[Black "Varga, Richard"]
[Result "1-0"]
[WhiteElo "2004"]
[BlackElo "2097"]
[PlyCount "65"]
[EventDate "2015.06.18"]
[EventType "swiss"]
[EventRounds "7"]
[EventCountry "HUN"]
[SourceTitle "CBM 167 Extra"]
[Source "ChessBase"]
[SourceDate "2015.09.14"]
[SourceVersion "1"]
[SourceVersionDate "2015.09.14"]
[SourceQuality "1"]

1. e4 c5 2. Nf3 d6 3. c3 Nf6 4. h3 Nc6 5. Bd3 g6 6. Bc2 Qa5 7. 0-0 Bg7 8. d4 cxd4 9. cxd4 0-0 10. Nc3 b5 11. e5 Ne8 12. Be4 Bb7 13. Bg5 f6 14. Qb3+ Kh8 15. Bd2 b4 16. Nd5 f5 17. Bd3 Nxd4 18. Nxd4 Bxd5 19. Bxb4 Bxb3 20. Bxa5 Bd5 21. f4 dxe5 22. fxe5 Bxe5 23. Bc3 Bf6 24. Ne2 e5 25. Rfd1 Rd8 26. Bb5 Nc7 27. Ba4 Kg7 28. Ba5 Bc4 29. Bxc7 Rc8 30. Bd6 Bxe2 31. Bxf8+ Kxf8 32. Rd2 Ba6 33. Rd6 1-0

[Event "Budapest Karacsonyi op 5th"]
[Site "Budapest"]
[Date "2013.12.30"]
[Round "6"]
[White "Kiss, Peter"]
[Black "Cserba, Andras"]
[Result "0-1"]
[WhiteElo "2017"]
[BlackElo "2131"]
[PlyCount "100"]
[EventDate "2013.12.27"]
[EventType "swiss"]
[EventRounds "7"]
[EventCountry "HUN"]
[SourceTitle "CBM 158 Extra"]
[Source "ChessBase"]
[SourceDate "2014.02.28"]
[SourceVersion "1"]
[SourceVersionDate "2014.02.28"]
[SourceQuality "1"]

1. e4 c5 2. Nf3 Nc6 3. c3 d5 4. e5 d4 5. Bb5 Bg4 6. h3 Bxf3 7. Qxf3 Qb6 8. Bxc6+ Qxc6 9. Qxc6+ bxc6 10. c4 e6 11. d3 Ne7 12. Nd2 Ng6 13. Nf3 Be7 14. 0-0 a5 15. Re1 Bd8 16. Nh2 Bc7 17. f4 Kd7 18. Nf3 h6 19. g3 a4 20. Re2 Ba5 21. Bd2 Rhb8 22. Bxa5 Rxa5 23. Rae1 Ne7 24. Kf2 Nf5 25. g4 Ne3 26. Nh2 Ra7 27. Nf1 Rab7 28. Nxe3 dxe3+ 29. Kxe3 Rxb2 30. Rxb2 Rxb2 31. Re2 a3 32. Rd2 Kc7 33. Ke2 Kb6 34. Kd1 Rb1+ 35. Kc2 Rh1 36. Kb3 Rxh3 37. Kxa3 Rf3 38. Ka4 Rxf4 39. Rb2+ Ka6 40. Rb8 Rxg4 41. Ra8+ Kb7 42. Rf8 Rf4 43. Ka5 g5 44. Re8 Kc7 45. a4 g4 46. Re7+ Kd8 47. Rb7 g3 48. Rb1 Kc7 49. Ka6 g2 50. Rb7+ Kc8 0-1

[Event "HUN-ch U16"]
[Site "Balatonlelle"]
[Date "2013.06.26"]
[Round "6"]
[White "Juhasz, Armin"]
[Black "Kiss, Peter"]
[Result "1-0"]
[WhiteElo "2214"]
[BlackElo "2018"]
[PlyCount "83"]
[EventDate "2013.??.??"]
[EventType "tourn"]
[EventRounds "9"]
[EventCountry "HUN"]
[SourceTitle "EXT 2014"]
[Source "ChessBase"]
[SourceDate "2013.11.20"]
[SourceVersion "1"]
[SourceVersionDate "2013.11.20"]
[SourceQuality "1"]

1. Nf3 d5 2. d4 c6 3. Bf4 Nf6 4. e3 e6 5. Nbd2 Nbd7 6. h3 Be7 7. Bd3 0-0 8. 0-0 b6 9. c4 Bb7 10. cxd5 exd5 11. Rc1 c5 12. Ne5 Nxe5 13. Bxe5 Nd7 14. Bh2 Rc8 15. Nf3 Re8 16. b3 Nf6 17. Ne5 Bd6 18. Qf3 Qc7 19. Rfd1 Qb8 20. Qf5 Rcd8 21. Kh1 Qc8 22. Qxc8 Rxc8 23. Nd7 Bxh2 24. Nxf6+ gxf6 25. Kxh2 cxd4 26. exd4 h6 27. Bf5 Rxc1 28. Rxc1 Re7 29. Kg3 Ba6 30. Rc6 Re2 31. Rc7 Rxa2 32. Rxa7 Ra5 33. b4 Ra3+ 34. f3 Ra4 35. Bd7 b5 36. Ra8+ Kg7 37. Bc6 Rxb4 38. Rxa6 Rxd4 39. Bxb5 Rd2 40. Rd6 d4 41. Bc4 Rc2 42. Rxd4 1-0

[Event "HUN-ch U16"]
[Site "Balatonlelle"]
[Date "2013.06.23"]
[Round "3"]
[White "Csonka, Balazs"]
[Black "Kiss, Peter"]
[Result "1-0"]
[WhiteElo "2354"]
[BlackElo "2018"]
[PlyCount "95"]
[EventDate "2013.??.??"]
[EventType "tourn"]
[EventRounds "9"]
[EventCountry "HUN"]
[SourceTitle "EXT 2014"]
[Source "ChessBase"]
[SourceDate "2013.11.20"]
[SourceVersion "1"]
[SourceVersionDate "2013.11.20"]
[SourceQuality "1"]

1. d4 Nf6 2. Nf3 e6 3. c4 d5 4. Nc3 c6 5. Bg5 Be7 6. e3 Nbd7 7. Bd3 0-0 8. 0-0 Re8 9. Qc2 b6 10. cxd5 exd5 11. Ne5 Nxe5 12. dxe5 Ng4 13. Bf4 g5 14. Bxh7+ Kg7 15. Bg3 Bc5 16. Ne2 Nxe5 17. Bxe5+ Rxe5 18. Ng3 Qh8 19. Bf5 Bxf5 20. Nxf5+ Kf8 21. Ng3 Qh4 22. a3 a5 23. b4 axb4 24. axb4 Rxa1 25. Rxa1 Qxb4 26. Qh7 Qh4 27. Ra8+ Re8 28. Rxe8+ Kxe8 29. Qf5 Qa4 30. Qc8+ Ke7 31. h3 Ba3 32. Nf5+ Kf6 33. g4 Be7 34. Qh8+ Ke6 35. Qc8+ Kf6 36. Qc7 Bc5 37. Qd8+ Ke6 38. Qe8+ Kf6 39. Qd8+ Ke6 40. Ng7+ Ke5 41. Qxg5+ Kd6 42. Qd8+ Ke5 43. Qb8+ Kf6 44. Nh5+ Ke7 45. Qc7+ Ke6 46. Nf4+ Kf6 47. g5+ Kxg5 48. Qe5+ 1-0

[Event "HUN-ch U16"]
[Site "Balatonlelle"]
[Date "2013.06.22"]
[Round "2"]
[White "Kiss, Peter"]
[Black "Laza, Szabolcs"]
[Result "0-1"]
[WhiteElo "2018"]
[BlackElo "1968"]
[PlyCount "140"]
[EventDate "2013.??.??"]
[EventType "tourn"]
[EventRounds "9"]
[EventCountry "HUN"]
[SourceTitle "EXT 2014"]
[Source "ChessBase"]
[SourceDate "2013.11.20"]
[SourceVersion "1"]
[SourceVersionDate "2013.11.20"]
[SourceQuality "1"]

1. e4 c5 2. Nf3 d6 3. c3 Nf6 4. Bd3 Nc6 5. 0-0 Bg4 6. Bc2 g6 7. h3 Bxf3 8. Qxf3 Bg7 9. d3 0-0 10. Qe2 Rc8 11. Be3 Nd7 12. f4 b5 13. a3 a5 14. Bb3 b4 15. f5 Nb6 16. Qf2 a4 17. Bd1 b3 18. Nd2 Ne5 19. Be2 Qd7 20. Rac1 Qb7 21. Qh4 Rc7 22. g4 Qa6 23. Bh6 f6 24. Bxg7 Kxg7 25. g5 fxg5 26. Qxg5 Rf6 27. Qe3 Qa7 28. Kh2 Nbd7 29. Rg1 Rc8 30. Nf1 Rg8 31. d4 Nf7 32. Bc4 Qc7 33. Ng3 Kh8 34. fxg6 hxg6 35. Rgf1 Kg7 36. Rxf6 exf6 37. Qf4 Rh8 38. Bxf7 Kxf7 39. Qf1 Nb6 40. Ne2 Qc8 41. Qf3 Nc4 42. Rf1 Qd8 43. e5 dxe5 44. Qb7+ Qe7 45. Qd5+ Qe6 46. Qb7+ Qe7 47. Qd5+ Qe6 48. Qb7+ Qe7 49. Qd5+ Qe6 50. Qb7+ Kg8 51. Qg2 Kg7 52. dxe5 Qxe5+ 53. Ng3 Re8 54. Rf2 Ne3 55. Qf3 Nf5 56. Qf4 Nxg3 57. Kxg3 g5 58. Qxe5 Rxe5 59. Rd2 Kg6 60. Kg2 Re3 61. Rf2 f5 62. Rd2 f4 63. Rd6+ Kf5 64. Rd5+ Re5 65. Rd2 Re3 66. Rd5+ Ke4 67. Rd2 f3+ 68. Kf1 Re2 69. Rxe2+ fxe2+ 70. Kxe2 c4 0-1

[Event "HUN-chT2 Charousek 1213"]
[Site "Hungary"]
[Date "2012.10.07"]
[Round "2"]
[White "Kiss, Peter"]
[Black "Marosi, Levente"]
[Result "1-0"]
[WhiteElo "2023"]
[BlackElo "2056"]
[PlyCount "103"]
[EventDate "2012.09.16"]
[EventType "team-tourn"]
[EventRounds "11"]
[EventCountry "HUN"]
[SourceTitle "EXT 2014"]
[Source "ChessBase"]
[SourceDate "2013.11.20"]
[SourceVersion "1"]
[SourceVersionDate "2013.11.20"]
[SourceQuality "1"]
[WhiteTeam "Kobanya Aquarena"]
[BlackTeam "Geniusz Tata"]
[WhiteTeamCountry "HUN"]
[BlackTeamCountry "HUN"]

1. e4 c5 2. Nf3 d6 3. c3 Nf6 4. h3 Nbd7 5. Bd3 g6 6. Bc2 Bg7 7. d4 0-0 8. 0-0 b6 9. e5 Ne8 10. Be4 Rb8 11. Bf4 Bb7 12. Bxb7 Rxb7 13. Qe2 dxe5 14. dxe5 Nc7 15. Rd1 Ne6 16. Bg3 Qc8 17. Na3 Nb8 18. Nc4 Rd8 19. Bh4 Nc6 20. Rxd8+ Qxd8 21. Ng5 Nxg5 22. Bxg5 h6 23. Bh4 Qc8 24. f4 b5 25. Ne3 Qe6 26. Qf3 Rd7 27. Rd1 Rxd1+ 28. Nxd1 g5 29. fxg5 hxg5 30. Bxg5 Nxe5 31. Qa8+ Kh7 32. Qe4+ Qg6 33. Qxg6+ Nxg6 34. Be3 c4 35. Bxa7 Nf4 36. Nf2 Kg6 37. Be3 Nd5 38. Bd2 Kf5 39. a3 Nb6 40. Kf1 Na4 41. Bc1 e5 42. g4+ Ke6 43. Ke2 Kd5 44. h4 e4 45. Nd1 Nc5 46. Ne3+ Ke5 47. Nf5 Nd3 48. Be3 Bf8 49. h5 Kf6 50. Ng3 Nxb2 51. Nxe4+ Kg7 52. Bc5 1-0

[Event "HUN-chT2 Toth 1011"]
[Site "Hungary"]
[Date "2010.11.07"]
[Round "5.12"]
[White "Tubak, Daniel"]
[Black "Kiss, Peter"]
[Result "1-0"]
[WhiteElo "1650"]
[BlackElo "2168"]
[PlyCount "53"]
[EventDate "2010.09.12"]
[EventType "team-tourn"]
[EventRounds "11"]
[EventCountry "HUN"]
[SourceTitle "EXT 2012"]
[Source "ChessBase"]
[SourceDate "2011.11.24"]
[SourceVersion "1"]
[SourceVersionDate "2011.11.24"]
[SourceQuality "1"]
[WhiteTeam "Maroczy II"]
[BlackTeam "Nadudvar"]
[WhiteTeamCountry "HUN"]
[BlackTeamCountry "HUN"]

1. e4 e5 2. Nf3 Nc6 3. Bb5 d6 4. d4 exd4 5. Nxd4 Bd7 6. Nxc6 Bxc6 7. Bxc6+ bxc6 8. 0-0 Nf6 9. Nc3 Be7 10. Be3 a6 11. f4 0-0 12. Qf3 Qe8 13. e5 dxe5 14. fxe5 Nd7 15. Qxc6 Nxe5 16. Qxe8 Rfxe8 17. Bf4 Bd6 18. Rf2 Nc4 19. Bxd6 cxd6 20. b3 Nb6 21. Raf1 Re7 22. Ne2 Rc8 23. Nd4 Nd5 24. c4 Nb6 25. Nf5 Rd7 26. Re1 Rcc7 27. Re8# 1-0

[Event "HUN-chT U18"]
[Site "Miskolc"]
[Date "2010.11.06"]
[Round "8.13"]
[White "Dudas, Szilvia"]
[Black "Kiss, Peter"]
[Result "1-0"]
[WhiteElo "1855"]
[BlackElo "1857"]
[PlyCount "61"]
[EventDate "2010.11.02"]
[EventType "team-swiss"]
[EventRounds "8"]
[EventCountry "HUN"]
[SourceTitle "EXT 2016"]
[Source "ChessBase"]
[SourceDate "2015.10.08"]
[SourceVersion "1"]
[SourceVersionDate "2015.10.08"]
[SourceQuality "1"]

1. e4 c5 2. c3 d5 3. exd5 Qxd5 4. d4 Nc6 5. Nf3 Bg4 6. Be2 0-0-0 7. c4 Qd7 8. d5 Bxf3 9. Bxf3 Ne5 10. 0-0 Nxf3+ 11. Qxf3 Nf6 12. Nc3 Qg4 13. Qxg4+ Nxg4 14. Bf4 e6 15. Rad1 Bd6 16. Bxd6 Rxd6 17. Ne4 Ra6 18. dxe6 fxe6 19. a3 Rb6 20. Nxc5 Rxb2 21. Nxe6 g6 22. Rd4 Ne5 23. Rfd1 b6 24. c5 bxc5 25. Nxc5 Rf8 26. f3 Ra2 27. Rc1 Kb8 28. Rb4+ Ka8 29. Ne6 a5 30. Rb5 Nd3 31. Rxa5+ 1-0

[Event "HUN-chT U18"]
[Site "Miskolc"]
[Date "2010.11.05"]
[Round "6.12"]
[White "Kiss, Peter"]
[Black "Papp, Tamas"]
[Result "0-1"]
[WhiteElo "1857"]
[BlackElo "1847"]
[PlyCount "70"]
[EventDate "2010.11.02"]
[EventType "team-swiss"]
[EventRounds "8"]
[EventCountry "HUN"]
[SourceTitle "EXT 2016"]
[Source "ChessBase"]
[SourceDate "2015.10.08"]
[SourceVersion "1"]
[SourceVersionDate "2015.10.08"]
[SourceQuality "1"]

1. e4 e6 2. d4 d5 3. Nd2 Nc6 4. c3 e5 5. c4 Nxd4 6. exd5 Bf5 7. Qa4+ b5 8. cxb5 Nc2+ 9. Kd1 Nxa1 10. b6+ Bd7 11. Bb5 cxb6 12. Ngf3 f6 13. Bc6 Rc8 14. Re1 Bxc6 15. dxc6 Qc7 16. b3 Qxc6 17. Qxc6+ Rxc6 18. Nd4 Rc8 19. Nc4 Rd8 20. Bb2 Bc5 21. Bxa1 Bxd4 22. Bxd4 Rxd4+ 23. Kc2 Ne7 24. Kc3 Nd5+ 25. Kc2 Nb4+ 26. Kb1 0-0 27. a3 Nd3 28. Re2 Rc8 29. a4 Rcd8 30. Kc2 Nb4+ 31. Kb2 Rd1 32. Ka3 Nd3 33. Ra2 Rd4 34. Ne3 Rb1 35. Nc2 Rd7 0-1

[Event "HUN-chT2 Erkel 0910"]
[Site "Hungary"]
[Date "2010.02.14"]
[Round "6.10"]
[White "Gaspar, Laszlo"]
[Black "Kiss, Peter"]
[Result "0-1"]
[WhiteElo "1927"]
[BlackElo "1696"]
[PlyCount "98"]
[EventDate "2009.11.08"]
[EventType "team-tourn"]
[EventRounds "11"]
[EventCountry "HUN"]
[SourceTitle "EXT 2011"]
[Source "ChessBase"]
[SourceDate "2010.11.26"]
[SourceVersion "1"]
[SourceVersionDate "2010.11.26"]
[SourceQuality "1"]
[WhiteTeam "Pestszentlorinc"]
[BlackTeam "Budapest MTK"]
[WhiteTeamCountry "HUN"]
[BlackTeamCountry "HUN"]

1. d4 c5 2. d5 e5 3. e4 d6 4. Bd3 Be7 5. Ne2 Bg5 6. 0-0 Bxc1 7. Qxc1 Ne7 8. f4 exf4 9. Qxf4 0-0 10. Nd2 Ng6 11. Qg3 Qc7 12. Nc4 b5 13. Nxd6 c4 14. Nxb5 Qc5+ 15. Nbd4 cxd3 16. cxd3 Nd7 17. Kh1 Nde5 18. Rac1 Qb6 19. b3 Ba6 20. Rfd1 Rfc8 21. Rxc8+ Rxc8 22. h4 h5 23. Nf5 Ng4 24. Ned4 Qf6 25. Nc6 Bxd3 26. Qf3 Bxe4 27. Nfe7+ Nxe7 28. Qxf6 gxf6 29. Nxe7+ Kf8 30. Nxc8 Nf2+ 31. Kg1 Nxd1 32. d6 Ke8 33. Nxa7 Kd7 34. Nb5 Bd3 35. Nd4 Kxd6 36. g3 Nc3 37. a3 Ne2+ 38. Nxe2 Bxe2 39. Kf2 Bd1 40. b4 Kc6 41. Ke3 Kd5 42. Kd3 Ba4 43. g4 hxg4 44. h5 g3 45. Ke3 f5 46. h6 f4+ 47. Kxf4 g2 48. h7 g1Q 49. h8Q Qf2+ 0-1

[Event "HUN-chT2 Erkel 0910"]
[Site "Hungary"]
[Date "2009.12.20"]
[Round "4.10"]
[White "Lengyel, Istvan"]
[Black "Kiss, Peter"]
[Result "1-0"]
[WhiteElo "2011"]
[BlackElo "1696"]
[PlyCount "81"]
[EventDate "2009.11.08"]
[EventType "team-tourn"]
[EventRounds "11"]
[EventCountry "HUN"]
[SourceTitle "EXT 2011"]
[Source "ChessBase"]
[SourceDate "2010.11.26"]
[SourceVersion "1"]
[SourceVersionDate "2010.11.26"]
[SourceQuality "1"]
[WhiteTeam "Paszto"]
[BlackTeam "Budapest MTK"]
[WhiteTeamCountry "HUN"]
[BlackTeamCountry "HUN"]

1. e4 c5 2. Nf3 Nc6 3. d4 cxd4 4. Nxd4 Qb6 5. Nb3 Nf6 6. Nc3 e6 7. Be3 Qc7 8. a3 Be7 9. Be2 0-0 10. 0-0 a6 11. f4 d6 12. Bf3 Rb8 13. a4 b6 14. g4 Nd7 15. Qe2 Nc5 16. Qg2 Bb7 17. g5 f6 18. h4 fxg5 19. hxg5 g6 20. Qh3 Bc8 21. Bg4 Nd8 22. Nd4 e5 23. Nd5 Bxg4 24. Qxg4 Qb7 25. fxe5 dxe5 26. Rxf8+ Bxf8 27. Nf6+ Kh8 28. Ne2 Be7 29. Nc3 Bxf6 30. gxf6 Qc6 31. Nd5 Nd7 32. Rf1 Nf7 33. Ne7 Qd6 34. Qh4 Re8 35. Nxg6+ Kg8 36. Ne7+ Kh8 37. Ng6+ Kg8 38. Ne7+ Kh8 39. Kg2 Qc7 40. c3 Qc4 41. Qxh7+ 1-0

[Event "HUN-chT U18"]
[Site "Miskolc"]
[Date "2009.10.29"]
[Round "7.9"]
[White "Kiss, Peter"]
[Black "Acs, Petra"]
[Result "1-0"]
[WhiteElo "1696"]
[BlackElo "1706"]
[PlyCount "57"]
[EventDate "2009.10.26"]
[EventType "team-swiss"]
[EventRounds "8"]
[EventCountry "HUN"]
[SourceTitle "EXT 2016"]
[Source "ChessBase"]
[SourceDate "2015.10.08"]
[SourceVersion "1"]
[SourceVersionDate "2015.10.08"]
[SourceQuality "1"]

1. e4 e5 2. Nf3 Nc6 3. Bb5 a6 4. Bxc6 dxc6 5. 0-0 Bd6 6. d4 exd4 7. Qxd4 f6 8. Re1 Be5 9. Qxd8+ Kxd8 10. Nxe5 fxe5 11. b3 Ke7 12. Bb2 Ke6 13. Nd2 Ne7 14. f4 exf4 15. Bxg7 Rg8 16. Bh6 Rg4 17. h3 Rh4 18. Bg5 Rh5 19. Bxf4 Rc5 20. c4 Ng6 21. Be3 Rh5 22. Nf3 Ke7 23. Rad1 Bd7 24. e5 Be6 25. Bc1 Rg8 26. Ng5 h6 27. Ba3+ Ke8 28. Nxe6 Rxe5 29. Rd8+ 1-0